| 000 | 00617nam a22001937a 4500 | ||
|---|---|---|---|
| 003 | OSt | ||
| 005 | 20250708085120.0 | ||
| 008 | 250708b |||||||| |||| 00| 0 eng d | ||
| 020 | _a1-55612-900-9 | ||
| 040 |
_aDWC-Main Lib _cOC |
||
| 082 | _aCirc. 248.4 M946f 1996 | ||
| 100 | _aMueller, Joan | ||
| 245 |
_aFaithful listening: _bdiscernment in everyday life/ _cJoan Mueller |
||
| 260 |
_aKansas City: _bSheed & Ward, _cc1996. |
||
| 300 |
_avii, 136 pages: _billustrations; _c21cm. |
||
| 504 | _aIncludes bibliographical references. | ||
| 650 | _a1. Spiritual life--Catholic Church | ||
| 942 |
_2ddc _cBK-CIRC _kCirc. _n0 |
||
| 999 |
_c3484 _d3484 |
||